000 00681nam a22001817a 4500
999 _c371745
_d371745
008 201127b ||||| |||| 00| 0 eng d
040 _aDE-2950
_bger
_cDE-2950
_erda
041 _ager
245 _aKommissar verlässt Polizeiruf.
_bTV Schauspieler Lucas Gregorowicz verlässt das Ermittler-Team in Frankfurt. Die neue Folge ist abgedreht. /
_cred.
264 _c2022
653 _aFrankfurt (Oder)
653 _aPolizeiruf 110
773 _dFrankfurt (Oder) Märkisches Verlags- und Druckhaus GmbH & Co KG
_tMärkische Oderzeitung
_g33. Jahrgang (2022) Nr. 161 vom 13.07.2022, S. 11: Foto
942 _cA